| 000 | 00535nas a22001577a 4500 | ||
|---|---|---|---|
| 001 | K121120 | ||
| 007 | ta | ||
| 008 | 190930b2019 ||||| |||| 00| 0 eng d | ||
| 041 | _aeng | ||
| 245 | _a.... Own your niche | ||
| 260 | _c2019 | ||
| 490 |
_aRICS Modus _vSeptember 2019, 24-25(2) |
||
| 520 | _aDiscusses how consultancies working in small niche markets stay resilient in turbulent economic conditions by interviewing five property and construction consultants. | ||
| 651 | _aUnited Kingdom | ||
| 690 |
_96255 _aManagement consultancy |
||
| 999 |
_c121120 _d121120 |
||